| 000 | 00791nam a22002897a 4500 | ||
|---|---|---|---|
| 001 | BR2016001618 | ||
| 003 | BR-BrBNA | ||
| 005 | 20230928104845.0 | ||
| 007 | ta | ||
| 008 | 230509b bl.||||| |||| 00| 0 por d | ||
| 040 |
_aBR-BrBNA _bpor _cBiblioteca Nacional de Agricultura |
||
| 041 | _a(Por) | ||
| 072 | _aB50; A01; E14 | ||
| 090 | _ B50 BR2016001618 | ||
| 100 | 1 | _aBueno, R. | |
| 245 | 1 | _aAgricultura brasileira: produzindo alimentos para o mundo | |
| 250 | 1 | _a1. ed. | |
| 260 | 3 |
_aPorto Alegre, RS (Brasil): _bTotalcom, _c2015. |
|
| 300 | _a111 p. | ||
| 500 | _a78 illus.; 5 tables | ||
| 650 | _aAGRICULTURA | ||
| 650 | _aMIGRAÇÃO RURAL | ||
| 650 | _aPRODUTIVIDADE | ||
| 650 | _aDESENVOLVIMENTO SUSTENTÁVEL | ||
| 909 |
_a202309 _bLucia _c55 _dLucia Elande |
||
| 942 | _cBK | ||
| 999 |
_c82108 _d82108 |
||